00493nam a2200193 a 4500001001300000003000900013005001700022008004100039020001000080082001300090100001600103245003400119260003200153300000700185500003500192505002800227650002800255700001600283nice12345678IN_TiNIC20260116011651.0050524s0000 teha grp 000 0 per  ac10000a244bANO aAnonymous,  aBiyan-Nam-I-Yak Nafr-I-Masihi aTehranbBrukhim Pressc0000 a8p aincludes index and biblioraphy2 aHand Written Manuscript aChristianity-Miscellany1 aAnonymous,